000 02298njm a2200421Ia 4500
001 24649
003 IT-RoPAU
005 20220918181112.0
008 131025s9999 xx 000 0 und d
040 _aIT-RoPAU
040 _cIT-RoPAU
999 _c99059
_d99059
999 _bn.d.
100 _aAA.VV.
_9794
100 _eAutore musica
_911286
100 _gCodice autore musica SPICS: 12000
_9796
245 _aClassics Up To Date 5
250 _a1a ed.
260 _aITALIA
260 _bPOLYDOR
_c1978 [1a Ed.:1978]
300 _aDISCO
300 _c42 minuti (Testo: pag.)
500 _aMusica strumentale. Arrangiamento di celebri brani strumentali
505 _aBallade pour Adeline (4:00) - Adagio Aus Der Sonate n 6 (6:00) - Romance (4:00) - Jog Din Oas (5:00) - Concerto in fa(4:00) - Zwischenspiel Aus Notre Dame (4:00) - Nocturne op 27 n 2(5:00) - Sonata n 3 (4:00) - Chanson triste (4:00) - Nocturne op 37 n 2 (4:00) - Largo(2:00) - Piece n 1 (5:00)
650 _aARRANGIAMENTO [DISCHI]
_eCodice MATERIA SPICS: 9950
_911287
700 _aLast James
_eInterprete
_gCodice interprete SPICS: 10976
_911288
700 _aLast James
_gCodice autore SPICS: 10976
_eAutore
_99404
700 _aSenneville Paul De
_gCodice autore musica SPICS: 14362
_eAutore musica
_pBallade pour Adeline
_911289
700 _aToussaint Olivier
_gCodice autore SPICS: 14363
_eAutore
_pBallade pour Adeline
_911290
700 _aMozart Wolfgang Amadeus
_gCodice autore musica SPICS: 3486
_eAutore musica
_pAdagio Aus Der Sonate n 6
_911291
700 _aCajkovskij Petr Llijch
_gCodice autore musica SPICS: 10808
_eAutore musica
_pRomance - Chanson triste
_911292
700 _aAnonimo
_gCodice autore musica SPICS: 2620
_eAutore musica
_pJog Din Oas
_911293
700 _aAlbinoni Tomaso
_gCodice autore musica SPICS: 7834
_eAutore musica
_pConcerto in fa
_911294
700 _aSchmidt Franz
_gCodice autore musica SPICS: 1467
_eAutore musica
_pZwischenspiel Aus Notre Dame
_911295
700 _aChopin Fryderyk
_gCodice autore musica SPICS: 8056
_eAutore musica
_pNocturne op 27 n 2 - Nocturne op 37 n 2
_911296
700 _aCorelli Arcangelo
_gCodice autore musica SPICS: 7993
_eAutore musica
_pSonata n 3 - Largo
_911297
700 _aLast Ronald
_gCodice autore musica SPICS: 15710
_eAutore musica
_pPiece n 1
_911298
942 _cMD
_2ddc